The skincare bible : your no-nonsense guide to great skin
| Main Author: | |
|---|---|
| Format: | Book |
| Published: |
London :
Penguin Life ,
2018
|
| Subjects: |
MARC
| LEADER | 00000cam a2200000 7i4500 | ||
|---|---|---|---|
| 001 | 0000226036 | ||
| 005 | 20190712.0 | ||
| 020 | |a 9780241309100 | ||
| 090 | 0 | 0 | |a 646.726 |b MAH |
| 100 | 1 | |a Mahto, Anjali | |
| 245 | 1 | 4 | |a The skincare bible : |b your no-nonsense guide to great skin |c Dr. Anjali Mahto |
| 260 | |a London : |b Penguin Life , |c 2018 | ||
| 300 | |a 290p. ; |c 22 cm. | ||
| 650 | 0 | |a Beauty, Personal | |
| 650 | 0 | |a Skin |x Care and hygiene | |
| 999 | |a 00360519 |b BUKU |c PINJAMAN |e PERPUSTAKAAN KOMUNITI PETALING JAYA | ||